000 00243nam a2200097Ia 4500
008 190216s9999||||xx |||||||||||||| ||und||
100 _aDamodharan K
245 0 _aDhana Shashthrathinde Adisthana Thathwangal
260 _bNbs Kottayam
942 _cBK
999 _c9270
_d9270